<?xml version="1.0" encoding="UTF-8"?>
<record
    xmlns:xsi="http://www.w3.org/2001/XMLSchema-instance"
    xsi:schemaLocation="http://www.loc.gov/MARC21/slim http://www.loc.gov/standards/marcxml/schema/MARC21slim.xsd"
    xmlns="http://www.loc.gov/MARC21/slim">

  <leader>00923    a2200265   4500</leader>
  <controlfield tag="001">47552</controlfield>
  <datafield tag="020" ind1=" " ind2=" ">
    <subfield code="a">9788550404103</subfield>
  </datafield>
  <datafield tag="020" ind1=" " ind2=" ">
    <subfield code="q">(broch.)</subfield>
  </datafield>
  <datafield tag="041" ind1=" " ind2=" ">
    <subfield code="a">por</subfield>
  </datafield>
  <datafield tag="082" ind1=" " ind2=" ">
    <subfield code="a">028.5</subfield>
  </datafield>
  <datafield tag="100" ind1=" " ind2=" ">
    <subfield code="a">Brenman, Ilan</subfield>
  </datafield>
  <datafield tag="490" ind1=" " ind2=" ">
    <subfield code="a">Quem l&#xEA; sabe por qu&#xEA;?</subfield>
  </datafield>
  <datafield tag="520" ind1=" " ind2=" ">
    <subfield code="a">Esse livro que mostra a simultaneidade da vida de v&#xE1;rias crian&#xE7;as ao redor do mundo. As diferen&#xE7;as de cada uma delas est&#xE3;o registradas com humor e leveza, e as diferen&#xE7;as de costumes, cultura e h&#xE1;bitos dos mais diversos pa&#xED;ses e povos marcadas com cores vivas.</subfield>
  </datafield>
  <datafield tag="521" ind1=" " ind2=" ">
    <subfield code="a">SK</subfield>
  </datafield>
  <datafield tag="697" ind1=" " ind2=" ">
    <subfield code="a">Literatura infantojuvenil</subfield>
  </datafield>
  <datafield tag="697" ind1=" " ind2=" ">
    <subfield code="a">Culturas.</subfield>
  </datafield>
  <datafield tag="856" ind1=" " ind2=" ">
    <subfield code="u">00002c/00002c6e.jpg</subfield>
  </datafield>
  <datafield tag="040" ind1=" " ind2=" ">
    <subfield code="a">BR-BrIDEA</subfield>
    <subfield code="c">BR-BrIDEA</subfield>
  </datafield>
  <datafield tag="090" ind1=" " ind2=" ">
    <subfield code="a">A SK 028</subfield>
    <subfield code="b">BRE</subfield>
  </datafield>
  <datafield tag="245" ind1="1" ind2="0">
    <subfield code="a">Agora!</subfield>
    <subfield code="c">Ilan Brenman ; ilustra&#xE7;&#xF5;es de Guilherme Karsten</subfield>
  </datafield>
  <datafield tag="260" ind1=" " ind2=" ">
    <subfield code="a">S&#xE3;o Paulo</subfield>
    <subfield code="b">SESI-SP</subfield>
    <subfield code="c">2017</subfield>
  </datafield>
  <datafield tag="300" ind1=" " ind2=" ">
    <subfield code="a">32 p.</subfield>
    <subfield code="b">il.</subfield>
  </datafield>
  <datafield tag="700" ind1=" " ind2=" ">
    <subfield code="a">Karsten, Guilherme</subfield>
    <subfield code="e">ilustrador</subfield>
  </datafield>
  <datafield tag="942" ind1=" " ind2=" ">
    <subfield code="c">BK</subfield>
  </datafield>
  <datafield tag="952" ind1=" " ind2=" ">
    <subfield code="0">0</subfield>
    <subfield code="1">0</subfield>
    <subfield code="4">0</subfield>
    <subfield code="7">0</subfield>
    <subfield code="a">87.1</subfield>
    <subfield code="b">87.1</subfield>
    <subfield code="d">2023-11-21</subfield>
    <subfield code="l">0</subfield>
    <subfield code="o">028.5 BRE AGO</subfield>
    <subfield code="p">6313/AQU</subfield>
    <subfield code="r">2023-11-21 15:14:26</subfield>
    <subfield code="w">2023-11-21</subfield>
    <subfield code="y">BK</subfield>
  </datafield>
  <datafield tag="952" ind1=" " ind2=" ">
    <subfield code="0">0</subfield>
    <subfield code="1">0</subfield>
    <subfield code="2">ddc</subfield>
    <subfield code="4">0</subfield>
    <subfield code="7">0</subfield>
    <subfield code="a">12.27</subfield>
    <subfield code="b">12.27</subfield>
    <subfield code="d">2021-10-22</subfield>
    <subfield code="l">0</subfield>
    <subfield code="o">A SK 028 BRE</subfield>
    <subfield code="p">00055373AGC</subfield>
    <subfield code="r">2024-01-23 15:00:00</subfield>
    <subfield code="w">2024-01-23</subfield>
    <subfield code="y">BK</subfield>
  </datafield>
  <datafield tag="999" ind1=" " ind2=" ">
    <subfield code="c">47552</subfield>
    <subfield code="d">47552</subfield>
  </datafield>
</record>
